名城大学の学科名 - Statistics

General Stats
  • This quiz has been taken 66 times
  • The average score is 13 of 23
Answer Stats
キャンパス 学部 学科 % Correct
天白 法学部 法学科
96%
経営学部 経営学科
96%
情報工学部 情報工学科
94%
経済学部 経済学科
92%
八事 薬学部 薬学科
88%
ナゴヤドーム前 都市情報学部 都市情報学科
88%
人間学部 人間学科
84%
理工学部 数学科
76%
理工学部 建築学科
61%
理工学部 交通機械工学科
57%
経営学部 国際経営学科
53%
理工学部 機械工学科
53%
理工学部 電気電子工学科
49%
理工学部 メカトロニクス工学科
43%
農学部 生物資源学科
41%
経済学部 産業社会学科
35%
理工学部 応用化学科
35%
農学部 応用生物化学科
33%
外国語学部 国際英語学科
33%
理工学部 環境創造工学科
24%
理工学部 材料機能工学科
22%
理工学部 社会基盤デザイン工学科
20%
農学部 生物環境科学科
20%
No matching quizzes found
Score Distribution
Percent of People with Each Score
Percentile by Number Answered
Your Score History
You have not taken this quiz